00346nam a2200121Ia 4500008004100000041000800041082002000049100002900069245006900098260003200167300000800199502001700207230128s9999 xx 000 0 und d aeng aJAD PR0445bJAD aJadhav Sonali - 2K91127 aStudy to Explore The Linkage of L&D Audit With Balance Scorecard c2011bPune UniversityaPune a56p cJadhav Geeta